សិក្សាលើប្រសិទ្ធភាព នៃការធ្វើសំណាកក្នុងការប្រមូលទិន្នន័យអំពីទិន្នផលនិងទិន្នធាតុទាំងឡាយនាការពិសោធន៍ និងប្រៀបធៀបពូជស្រូវកណ្ដាល (Record no. 103)
[ view plain ]
| 000 -LEADER | |
|---|---|
| fixed length control field | 00748nam a22001577a 4500 |
| 003 - CONTROL NUMBER IDENTIFIER | |
| control field | OSt |
| 005 - DATE AND TIME OF LATEST TRANSACTION | |
| control field | 20150906145301.0 |
| 008 - FIXED-LENGTH DATA ELEMENTS--GENERAL INFORMATION | |
| fixed length control field | 150906b xxu||||| |||| 00| 0 eng d |
| 040 ## - CATALOGING SOURCE | |
| Transcribing agency | RUA |
| 082 ## - DEWEY DECIMAL CLASSIFICATION NUMBER | |
| Classification number | AGR សុន 1992 B004 Or.1 |
| 100 ## - MAIN ENTRY--PERSONAL NAME | |
| 9 (RLIN) | 113 |
| Personal name | សុន ដារ៉ា |
| 245 ## - TITLE STATEMENT | |
| Title | សិក្សាលើប្រសិទ្ធភាព នៃការធ្វើសំណាកក្នុងការប្រមូលទិន្នន័យអំពីទិន្នផលនិងទិន្នធាតុទាំងឡាយនាការពិសោធន៍ និងប្រៀបធៀបពូជស្រូវកណ្ដាល |
| 260 ## - PUBLICATION, DISTRIBUTION, ETC. (IMPRINT) | |
| Place of publication, distribution, etc. | phnom penh |
| Name of publisher, distributor, etc. | RUA |
| Date of publication, distribution, etc. | 1991 |
| 300 ## - PHYSICAL DESCRIPTION | |
| Extent | 55p. |
| Other physical details | ill. |
| Dimensions | 29cm |
| 942 ## - ADDED ENTRY ELEMENTS (KOHA) | |
| Source of classification or shelving scheme | |
| Koha item type | AGR |
| Price effective from | Date last seen | Permanent Location | Not for loan | Date acquired | Source of classification or shelving scheme | Koha item type | Lost status | Withdrawn status | Date last checked out | Total Checkouts | Shelving location | Damaged status | Barcode | Current Location | Full call number |
|---|---|---|---|---|---|---|---|---|---|---|---|---|---|---|---|
| 2015-09-06 | 2015-09-06 | Library Block B | 2015-09-06 | AGR | B004 | RUA003311 | Library Block B | AGR សុន 1992 B004 Or.1 | |||||||
| 2015-09-06 | 2015-09-06 | Library Block B | 2015-09-06 | AGR | B004 | RUA003383 | Library Block B | AGR សុន 1992 B004 Or.2 | |||||||
| 2015-09-06 | 2015-09-06 | Library Block B | 2015-09-06 | AGR | B004 | RUA003455 | Library Block B | AGR សុន 1992 B004 Or.3 | |||||||
| 2015-09-06 | 2016-06-04 | Library Block B | 2015-09-06 | AGR | 2016-05-25 | 1 | B004 | RUA004178 | Library Block B | AGR សុន 1992 B004 Or.4 | |||||
| 2015-09-06 | 2015-09-06 | Library Block B | 2015-09-06 | AGR | B004 | RUA003022 | Library Block B | AGR សុន 1992 B004 Or.5 | |||||||
| 2015-09-06 | 2015-09-06 | Library Block B | 2015-09-06 | AGR | B004 | RUA004350 | Library Block B | AGR សុន 1992 B004 Or.6 | |||||||
| 2015-09-06 | 2015-09-06 | Library Block B | 2015-09-06 | AGR | B004 | RUA004206 | Library Block B | AGR សុន 1992 B004 Or.7 | |||||||
| 2015-09-06 | 2015-09-06 | Library Block B | 2015-09-06 | AGR | B004 | RUA004134 | Library Block B | AGR សុន 1992 B004 Or.8 | |||||||
| 2015-09-06 | 2015-09-06 | Library Block B | 2015-09-06 | AGR | B004 | RUA004278 | Library Block B | AGR សុន 1992 B004 Or.9 |